Prediche Tenute alle Pie discepole del Divin Maestro. (Record n. 37499)

Dettagli MARC
000 -LEADER
fixed length control field 01937nam a22001937a 4500
003 - CONTROL NUMBER IDENTIFIER
control field IT-RoPau
005 - DATE AND TIME OF LATEST TRANSACTION
control field 20220918175935.0
008 - FIXED-LENGTH DATA ELEMENTS--GENERAL INFORMATION
fixed length control field 121112b xxu||||| |||| 00| 0 eng d
040 ## - CATALOGING SOURCE
Transcribing agency IT-RoPau
100 ## - MAIN ENTRY--PERSONAL NAME
Personal name Alberione Giacomo
Fuller form of name Fondatore Famiglia Paolina
9 (RLIN) 19
245 ## - TITLE STATEMENT
Title Prediche Tenute alle Pie discepole del Divin Maestro.
Remainder of title Vol VII anno 1962
250 ## - EDITION STATEMENT
Edition statement 1
260 ## - PUBLICATION, DISTRIBUTION, ETC. (IMPRINT)
Place of publication, distribution, etc. Roma
Name of publisher, distributor, etc. PDDM
Date of publication, distribution, etc. ?1960?
300 ## - PHYSICAL DESCRIPTION
Extent 346 p.
Dimensions 29,5 cm
490 ## - SERIES STATEMENT
Series statement VII
Volume/sequential designation VII
500 ## - GENERAL NOTE
General note Come nel volume precedente
520 ## - SUMMARY, ETC.
Summary, etc. Prefazione<br/>212)L' Apostolato del servizio sacerdotale<br/>213)I frutti della comunione<br/>214)L' Opera delle Vocazioni<br/>215)La S.Messa per le Religiose<br/>216)Domenica I di Quaresima<br/>217)Il Purgatorio<br/>218)La virtù della religione<br/>219)Chiusura degli Esercizi Sp. - Pensieri ;;;;;;;;<br/>220)Domenica II di Quaresima<br/>221) Donazione totale a Dio<br/>222)La riparazione (Venerdì Santo)<br/>223)Maria,Regina degli Apostoli<br/>224)Dio Creatore<br/>225)Il peccato veniale<br/>226)Domenica III dopo Pasqua<br/>227)Domenica IV dopo Pasqua<br/>228)Vere Pie Discepole come Maria SS.<br/>229)La santità è sviluppare la grazia del battesimo<br/>230)La Grazia:vita soprannaturale<br/>231)Domenica X dopo Pentecoste<br/>232)Domenica XIII dopo Pentecoste ;;;;;;;<br/>233)Domenica XIV dopo Pentecoste<br/>234)Domenica XV dopo Pentecoste<br/>235)La Verginità positiva <br/>236)Domenica XVI dopo Pentecoste<br/>237)La Verginità positiva e negativa (Introduzione)<br/>238)La Verginità positiva<br/>239)I due mezzi principali della santificazione<br/>240)La vera Santità<br/>241)La vera Liturgia <br/>242Domenica XVIII dopo Pentecoste<br/>243)Domenica XIX dopo Pentecoste<br/>244)Festa di Gesù Cristo Re<br/>245)La santificazione: i tre "tutto"<br/>246)Mirare alla santità sull' esempio di Maria Imm.<br/>247)Festa di S.Lucia - Pensieri<br/>248)L' impegno per la santificazione<br/>249)Solennità del Natale del Signore<br/>Indici<br/>I - Indice analitico<br/>II - Indice citazioni bibliche<br/>III - Indice citazioni varie<br/>IV - Indice Generale
942 ## - ADDED ENTRY ELEMENTS (KOHA)
Source of classification or shelving scheme Dewey Decimal Classification
Koha item type LIBRO
Dati di copia
Withdrawn status Lost status Source of classification or shelving scheme Damaged status Not for loan Home library Current library Date acquired Total Checkouts Date last seen Price effective from Koha item type
    Dewey Decimal Classification Buone Condizioni Not For Loan PAULUS-BIBLIOTECA PAULUS-BIBLIOTECA 12/11/2012   12/11/2012 12/11/2012 LIBRO
CREDITS: SOCIETA' SAN PAOLO Via A.Severo, 58 - ROMA (RM) & PERIODICI SAN PAOLO SRL Via Giotto, 36 MILANO & CISF Via Giotto, 36 MILANO & EDIZIONI SAN PAOLO SRL,  Piazza Soncino, 5 CINISELLO BALSAMO (MI) -- ITALY